Statistics for Friday Night Dinner Characters

Click here to take the quiz!

General Stats

  • This quiz has been taken 34 times
  • The average score is 12 of 17

Answer Stats

HintAnswer% Correct
The eldest son who writes jinglesAdam
100%
The MumJackie
100%
The wierd neighbour who likes JackieJim
100%
The DadMartin
100%
Jim's DogWilson
97%
The youngest son who is an Estate AgentJonny
90%
The GrandmaNelly
90%
Grandma's horrible boyfriendMr Morris
87%
Jackie's best friendVal
87%
The sarcastic Piano tunerMr Greencock
74%
Martins horrible mothers nameCynthia
68%
The name of the little girl who ruins Adam's relationship with EmmaKatie
68%
Jonny's American wifeLisa
55%
Who did the CurtainsSarah
32%
Jonny's depressed friendBen
29%
The BarmanLawrence
16%
The carpet cleanerArthur Murray
3%

Score Distribution

Percentile by Number Answered

Percent of People with Each Score

Your Score History

You have not taken this quiz